MARC

Tag First Indicator Second Indicator Subfields
LEADER 00000cam a2200000 i 4500
001 in00004097948
005 20211120103300.0
006 m o d f
007 cr |||||||||||
008 191108s1988 dcu o f000 0 eng c
035 |a (OCoLC)on1126789667 
042 |a pcc 
043 |a n-us--- 
040 |a GPO  |b eng  |e rda  |e pn  |c GPO  |d MvI 
049 |a WWW 
074 |a 0546-D-01 (online) 
086 0 |a GA 1.5/2:T-GGD-88-36 
110 1 |a United States.  |b General Accounting Office,  |e author. 
240 1 0 |a Postal Service operations (May 19, 1988) 
245 1 0 |a Postal Service operations /  |c statement of L. Nye Stevens before the Subcommittee on Postal Operations and Services, Subcommittee on Postal Personnel and Modernization, Committee on Post Office and Civil Service, House of Representatives. 
264 1 |a [Washington, D.C.] :  |b United States General Accounting Office,  |c 1988. 
300 |a 1 online resource (16 unnumbered pages). 
336 |a text  |b txt  |2 rdacontent 
337 |a computer  |b c  |2 rdamedia 
338 |a online resource  |b cr  |2 rdacarrier 
490 1 |a Testimony ;  |v GAO/T-GGD-88-36 
500 |a "For release on delivery expected at 10:00 a.m. Thursday May 19, 1988." 
588 |a Description based on online resource, PDF version; title from cover (GAO, viewed Nov. 7, 2019). 
610 2 0 |a United States Postal Service  |x Management  |x Auditing. 
610 2 0 |a United States Postal Service  |x Rules and practice  |x Auditing. 
610 2 0 |a United States Postal Service  |x Appropriations and expenditures  |x Auditing. 
650 0 |a Postal service  |z United States  |x Management  |x Auditing. 
700 1 |a Stevens, L. Nye,  |e author. 
710 1 |a United States.  |b Congress.  |b House.  |b Committee on Post Office and Civil Service.  |b Subcommittee on Postal Operations and Services,  |e sponsoring body. 
710 1 |a United States.  |b Congress.  |b House.  |b Committee on Post Office and Civil Service.  |b Subcommittee on Postal Personnel and Modernization,  |e sponsoring body. 
776 0 8 |i Print version:  |a Stevens, L. Nye.  |t Postal Service operations  |w (OCoLC)18361516 
830 0 |a Testimony ;  |v GAO/T-GGD-88-36. 
856 4 0 |u https://purl.fdlp.gov/GPO/gpo128163  |t 0 
999 f f |s 374cb327-9225-3df2-a2b5-f27ea4ca6fcb  |i 9f2a8d75-a6e6-3487-b4f7-3eb1dbc45069  |t 0 
952 f f |a Texas A&M University  |b College Station  |c Electronic Resources  |d Available Online  |t 0  |e GA 1.5/2:T-GGD-88-36  |h Superintendent of Documents classification 
998 f f |a GA 1.5/2:T-GGD-88-36  |t 0  |l Available Online